[Event "Paleochora op 11th"]
[Site "Paleochora"]
[Date "2018.07.18"]
[Round "1"]
[White "Bulmaga, Irina"]
[Black "De Lisa, Carmine"]
[Result "1-0"]
[WhiteElo "2420"]
[BlackElo "1659"]
[PlyCount "65"]
[EventDate "2018.07.18"]
[EventType "swiss"]
[EventRounds "9"]
[EventCountry "GRE"]
[SourceTitle "CBM 186 Extra"]
[Source "ChessBase"]
[SourceDate "2018.08.24"]
[SourceVersion "1"]
[SourceVersionDate "2018.08.24"]
[SourceQuality "1"]

1. e4 c5 2. Nf3 d6 3. d4 cxd4 4. Nxd4 Nf6 5. Nc3 e5 6. Nf3 h6 7. Bc4 Be7 8. 0-0 0-0 9. Re1 Be6 10. Bb3 Nbd7 11. h3 Nc5 12. Bxe6 fxe6 13. Qe2 a6 14. a4 Rc8 15. a5 Qe8 16. Bd2 Qg6 17. b4 Ncd7 18. Na4 Nh5 19. c4 Nf4 20. Bxf4 Rxf4 21. Nb6 Nxb6 22. axb6 Rcf8 23. Ra3 d5 24. Nxe5 Qxe4 25. Qxe4 Rxe4 26. Rxe4 dxe4 27. c5 Bf6 28. Nd7 Rd8 29. c6 bxc6 30. b7 Be5 31. Nxe5 Rb8 32. Rxa6 Rxb7 33. Nxc6 1-0

[Event "Rome Elo op 3rd"]
[Site "Rome"]
[Date "2009.03.11"]
[Round "1"]
[White "Bogosavljevic, Miodrag"]
[Black "De Lisa, Carmine"]
[Result "1/2-1/2"]
[WhiteElo "2030"]
[BlackElo "1734"]
[PlyCount "66"]
[EventDate "2009.03.11"]
[EventType "swiss"]
[EventRounds "6"]
[EventCountry "ITA"]
[SourceTitle "EXT 2011"]
[Source "ChessBase"]
[SourceDate "2010.11.26"]
[SourceVersion "1"]
[SourceVersionDate "2010.11.26"]
[SourceQuality "1"]

1. d4 Nf6 2. c4 e6 3. Nf3 b6 4. g3 Bb7 5. Bg2 Bb4+ 6. Bd2 Bxd2+ 7. Qxd2 0-0 8. Nc3 Ne4 9. Qc2 Nxc3 10. bxc3 Nc6 11. Ne5 Nxd4 12. cxd4 Bxg2 13. Rg1 Bb7 14. e4 c5 15. dxc5 bxc5 16. Rd1 d6 17. Ke2 Qc7 18. Ng4 f5 19. exf5 Rxf5 20. f4 Qc6 21. Rgf1 Raf8 22. Qd3 d5 23. Ne5 Qa4 24. Rd2 dxc4 25. Nxc4 Ba6 26. Rc1 Rd5 27. Qe4 Re8 28. Ke1 Rxd2 29. Nxd2 Qb5 30. Qe5 c4 31. Qxb5 Bxb5 32. a4 Bxa4 33. Rxc4 Bb5 1/2-1/2

[Event "Rome Autunno Accademia op"]
[Site "Rome"]
[Date "2007.10.12"]
[Round "1"]
[White "Ciampi, Vincenzo"]
[Black "De Lisa, Carmine"]
[Result "1-0"]
[WhiteElo "2095"]
[BlackElo "1815"]
[PlyCount "61"]
[EventDate "2007.10.12"]
[EventType "swiss"]
[EventRounds "5"]
[EventCountry "ITA"]
[SourceTitle "EXT 2010"]
[Source "ChessBase"]
[SourceDate "2010.11.25"]
[SourceVersion "1"]
[SourceVersionDate "2010.11.25"]
[SourceQuality "1"]

1. e4 c5 2. c3 Nf6 3. e5 Nd5 4. d4 e6 5. c4 Nc7 6. Nf3 b6 7. Nc3 cxd4 8. Qxd4 Nc6 9. Qg4 Bb7 10. Bg5 Be7 11. Ne4 Bb4+ 12. Kd1 Ne7 13. Nd6+ Bxd6 14. exd6 f6 15. Bf4 e5 16. Nxe5 Ne6 17. dxe7 Qxe7 18. Nd3 Rc8 19. Bd2 0-0 20. Bb4 d6 21. Nf4 f5 22. Qe2 Be4 23. Nxe6 Qxe6 24. f3 d5 25. Bxf8 Rxc4 26. fxe4 Rd4+ 27. Kc2 Rxe4 28. Qb5 Qc8+ 29. Kd2 a6 30. Qxd5+ Kxf8 31. Rc1 1-0

[Event "IECG CP.2003.Q.00022 email"]
[Site "IECG email"]
[Date "2005.01.15"]
[Round "?"]
[White "De Lisa, Carmine"]
[Black "Mason, Ian J"]
[Result "1/2-1/2"]
[WhiteElo "1985"]
[BlackElo "2135"]
[PlyCount "88"]
[EventDate "2005.01.15"]
[EventType "tourn (corr)"]
[EventRounds "6"]
[SourceTitle "Corr 2008"]
[Source "ChessBase"]
[SourceDate "2008.06.24"]
[SourceVersion "1"]
[SourceVersionDate "2008.06.24"]
[SourceQuality "1"]

1. e4 c5 2. Nf3 Nc6 3. d4 cxd4 4. Nxd4 Nf6 5. Nc3 e5 6. Ndb5 d6 7. Nd5 Nxd5 8. exd5 Nb8 9. Be2 a6 10. Nc3 Be7 11. 0-0 f5 12. Bh5+ g6 13. Be2 Nd7 14. Bh6 Bg5 15. Bxg5 Qxg5 16. f4 Qd8 17. Kh1 0-0 18. Qd3 e4 19. Qd2 Qf6 20. a4 b6 21. Qe3 Bb7 22. Rad1 Rae8 23. Rg1 Re7 24. Rd4 Rc8 25. g4 Kh8 26. Rg3 Nc5 27. Rb4 Nd7 28. Kg1 Rg7 29. Rc4 Rxc4 30. Bxc4 Re7 31. g5 Qg7 32. Bf1 Re8 33. Rg2 Nc5 34. h4 Kg8 35. Rg3 Qd7 36. Qd4 Qg7 37. Qxg7+ Kxg7 38. h5 Rc8 39. Be2 Nd7 40. Kf2 b5 41. axb5 axb5 42. Nxb5 Rxc2 43. Rc3 Rxc3 44. bxc3 Kf8 1/2-1/2

[Event "IECG CP.2003.Q.00022 email"]
[Site "IECG email"]
[Date "2005.01.15"]
[Round "?"]
[White "Dorer, Manfred"]
[Black "De Lisa, Carmine"]
[Result "1/2-1/2"]
[WhiteElo "2108"]
[BlackElo "1985"]
[PlyCount "81"]
[EventDate "2005.01.15"]
[EventType "tourn (corr)"]
[EventRounds "6"]
[SourceTitle "Corr 2008"]
[Source "ChessBase"]
[SourceDate "2008.06.24"]
[SourceVersion "1"]
[SourceVersionDate "2008.06.24"]
[SourceQuality "1"]

1. e4 c5 2. Nf3 Nc6 3. d4 cxd4 4. Nxd4 Nf6 5. Nc3 d6 6. Bg5 e6 7. Qd2 Be7 8. 0-0-0 0-0 9. f4 d5 10. e5 Nd7 11. Bxe7 Qxe7 12. Nf3 f6 13. exf6 Nxf6 14. g3 a6 15. Bd3 b5 16. Rhe1 b4 17. Na4 Rb8 18. Qe3 Re8 19. Kb1 a5 20. Qc5 Qb7 21. Ng5 h6 22. Nf3 Re7 23. h3 Rc7 24. Qe3 Qa7 25. Qxa7 Nxa7 26. Nd4 Kf7 27. Nb3 Nb5 28. g4 Nd6 29. Nbc5 Nb5 30. g5 Nh5 31. Rf1 Nd4 32. Rf2 Ng3 33. gxh6 gxh6 34. Rg1 Ngf5 35. Rfg2 Nf3 36. Rc1 N5h4 37. Rg3 Re7 38. Rd1 e5 39. fxe5 Rxe5 40. Nb3 Rg5 41. Rxg5 1/2-1/2

[Event "IECG CP.2003.Q.00022 email"]
[Site "IECG email"]
[Date "2005.01.15"]
[Round "?"]
[White "Lehnert, Ronald"]
[Black "De Lisa, Carmine"]
[Result "1/2-1/2"]
[WhiteElo "2176"]
[BlackElo "1985"]
[PlyCount "72"]
[EventDate "2005.01.15"]
[EventType "tourn (corr)"]
[EventRounds "6"]
[SourceTitle "Corr 2008"]
[Source "ChessBase"]
[SourceDate "2008.06.24"]
[SourceVersion "1"]
[SourceVersionDate "2008.06.24"]
[SourceQuality "1"]

1. d4 Nf6 2. c4 e6 3. Nf3 b6 4. e3 Bb7 5. Bd3 d5 6. 0-0 dxc4 7. Bxc4 Bd6 8. Nc3 0-0 9. Qe2 Ne4 10. Nxe4 Bxe4 11. Bd3 Bxd3 12. Qxd3 c5 13. Bd2 Nd7 14. Rfd1 Rc8 15. e4 c4 16. Qe2 b5 17. a4 b4 18. a5 Be7 19. Rdc1 Qc7 20. Be1 Rfd8 21. Nd2 c3 22. bxc3 bxc3 23. Nf3 Bb4 24. Bxc3 Bxc3 25. Ra3 Qb7 26. Raxc3 Rxc3 27. Rxc3 Qb4 28. Rc1 Qxa5 29. Qc2 Rb8 30. g3 Qd8 31. d5 exd5 32. exd5 Nf6 33. Qc7 a6 34. Qa7 Nxd5 35. Ne5 Ne7 36. Qxa6 Qd5 1/2-1/2

[Event "IECG CP.2003.P.00060 email"]
[Site "IECG email"]
[Date "2003.10.01"]
[Round "?"]
[White "De Lisa, Carmine"]
[Black "Timar, Zsolt"]
[Result "1/2-1/2"]
[WhiteElo "1900"]
[BlackElo "2212"]
[PlyCount "33"]
[EventDate "2003.10.01"]
[EventType "tourn (corr)"]
[EventRounds "6"]
[EventCountry "ITA"]
[SourceTitle "Corr 2008"]
[Source "ChessBase"]
[SourceDate "2008.06.24"]
[SourceVersion "1"]
[SourceVersionDate "2008.06.24"]
[SourceQuality "1"]

1. e4 c5 2. Nf3 d6 3. d4 cxd4 4. Nxd4 Nf6 5. Nc3 g6 6. Be2 Bg7 7. Be3 0-0 8. Nb3 Nc6 9. 0-0 Be6 10. f4 Rc8 11. f5 Bd7 12. a4 a5 13. Qd2 Ne5 14. Bd4 Nc6 15. Be3 Ne5 16. Bd4 Nc6 17. Be3 1/2-1/2

[Event "IECG CB.2002.0.00055 email"]
[Site "IECG email"]
[Date "2002.09.03"]
[Round "?"]
[White "De Lisa, Carmine"]
[Black "Starace, Umberto"]
[Result "1-0"]
[WhiteElo "1900"]
[BlackElo "1891"]
[PlyCount "59"]
[EventDate "2002.09.03"]
[EventType "tourn (corr)"]
[EventRounds "6"]
[SourceTitle "Corr 2008"]
[Source "ChessBase"]
[SourceDate "2008.06.24"]
[SourceVersion "1"]
[SourceVersionDate "2008.06.24"]
[SourceQuality "1"]

1. e4 e5 2. Nf3 Nc6 3. Bb5 a6 4. Ba4 Nf6 5. 0-0 Nxe4 6. Re1 Nc5 7. Nc3 Be7 8. Nd5 0-0 9. Bxc6 dxc6 10. Nxe7+ Qxe7 11. d4 Ne6 12. Rxe5 f6 13. Re4 Bd7 14. Qd3 Qf7 15. Bd2 c5 16. d5 Ng5 17. Bxg5 fxg5 18. Qd2 Qf6 19. Rae1 g4 20. Ng5 Qxb2 21. Re7 Bf5 22. d6 c6 23. Qe2 Qd4 24. Rd1 Qf4 25. Ne6 Bxe6 26. Qxe6+ Kh8 27. Qe3 Qf5 28. Qe2 b5 29. d7 Rad8 30. Re8 1-0

[Event "IECG CB.2001.0.00004 email"]
[Site "IECG email"]
[Date "2001.05.14"]
[Round "1"]
[White "De Lisa, Carmine"]
[Black "Perez, Brigiliano"]
[Result "0-1"]
[WhiteElo "1900"]
[BlackElo "1912"]
[PlyCount "118"]
[EventDate "2001.05.14"]
[EventType "tourn (corr)"]
[EventRounds "6"]
[SourceTitle "Corr 2024"]
[Source "ChessBase"]
[SourceDate "2023.10.19"]
[SourceVersion "1"]
[SourceVersionDate "2023.10.19"]
[SourceQuality "1"]

1. e4 c5 2. Nf3 Nc6 3. d4 cxd4 4. Nxd4 Nf6 5. Nc3 d6 6. Bb5 Bd7 7. Bg5 e6 8. 0-0 Be7 9. Ba4 0-0 10. Bxf6 Bxf6 11. Ndb5 a6 12. Nxd6 b5 13. Bb3 Qc7 14. Re1 Rfd8 15. Nd5 exd5 16. Nxf7 Re8 17. exd5 Nd4 18. d6 Rxe1+ 19. Qxe1 Qa7 20. Bd5 Rf8 21. c3 Ne6 22. Nh6+ Kh8 23. Bxe6 Re8 24. Nf7+ Kg8 25. Nh6+ Kf8 26. Ng4 Rxe6 27. Qd2 Bd8 28. Qd5 Bb6 29. b4 Qb8 30. Rd1 Qe8 31. Ne3 Re5 32. Qf3+ Kg8 33. Rd3 Qf7 34. Qe2 Qc4 35. Qd2 Qe4 36. Kf1 Rg5 37. f3 Qh4 38. Nd5 Ba7 39. g3 Qh3+ 40. Qg2 Re5 41. Nf4 Qf5 42. Qd2 g5 43. Ng2 Be6 44. d7 Bxd7 45. g4 Qf7 46. Nf4 Bc6 47. Nh5 Qc4 48. Kg2 Qxg4+ 49. Ng3 Qc4 50. h3 g4 51. hxg4 Qxg4 52. Kh2 Bg1+ 53. Kg2 Bb6 54. Kh2 Bxf3 55. Rxf3 Qxf3 56. Qg2 Qf7 57. Qa8+ Re8 58. Qg2 Bc7 59. Kg1 Re1+ 0-1